Magie et magiciens dans l'Egypte ancienne /
محفوظ في:
المؤلف الرئيسي:
التنسيق: كتاب
اللغة: French
منشور في:
Paris :
Pygmalion/Gerard Watelet,
c1994.
سلاسل:
Bibliotheque de l'Egypte ancienne.
الموضوعات:
الوسوم: إضافة وسم
لا توجد وسوم, كن أول من يضع وسما على هذه التسجيلة!
رقم الطلب: BF1591 .K64 1994
| LEADER | 00751namaa2200241 4500 | ||
|---|---|---|---|
| 003 | OSt | ||
| 005 | 20250917074916.0 | ||
| 008 | 130303s1994 fr a b 000 0 fre d | ||
| 020 | |a 2857044151 | ||
| 040 | |c ARCE Library | ||
| 050 | 4 | |a BF1591 .K64 1994 | |
| 100 | 1 | |a Koenig, Yvan, |e author |9 34078 | |
| 245 | 1 | 0 | |a Magie et magiciens dans l'Egypte ancienne / |c Yvan Koenig. |
| 264 | 1 | |a Paris : |b Pygmalion/Gerard Watelet, |c c1994. | |
| 300 | |a 359 pages : |b illustrations ; |c 22 cm. | ||
| 490 | 0 | |a Bibliotheque de l'Egypte ancienne. | |
| 504 | |a Includes bibliographical references (pages 329-[354]) | ||
| 650 | 0 | |a Magic, Egyptian. | |
| 650 | 0 | |a Magic, Ancient. | |
| 650 | 0 | |a Magicians |z Egypt |x History. | |
| 901 | |a reviewed | ||
| 942 | |c BK |2 lcc | ||
| 999 | |c 1541 |d 1541 | ||
